书目信息 |
| 题名: |
实变函数与泛函分析
|
|
| 作者: | 夏道行 编著 | |
| 分册: | 上册 | |
| 出版信息: | 北京 高等教育出版社 2010.01 |
|
| 页数: | 311页 | |
| 开本: | 24cm | |
| 丛书名: | 现代数学基础 | |
| 单 册: | ||
| 中图分类: | O174.1 , O177 | |
| 科图分类: | ||
| 主题词: | 实变函数 , 泛函分析 | |
| 电子资源: | ||
| ISBN: | 978-7-04-027431-8 | |
| 000 | 01076oam2 2200313 450 | |
| 001 | 0120161833233 | |
| 005 | 20170502101442.42 | |
| 010 | @a978-7-04-027431-8@dCNY46.00 | |
| 100 | @a20160428e20162010em y0chiy50 ea | |
| 101 | 0 | @achi |
| 102 | @aCN@b110000 | |
| 105 | @aa z 001yy | |
| 106 | @ar | |
| 200 | 1 | @a实变函数与泛函分析@9shi bian han shu yu fan han fen xi@h上册@f夏道行[等]编著 |
| 205 | @a2版@b修订本 | |
| 210 | @a北京@c高等教育出版社@d2010.01@h2016.03重印 | |
| 215 | @a311页@c图@d24cm | |
| 225 | 2 | @a现代数学基础@v16 |
| 304 | @a编著还有:吴卓人,严绍宗,舒五昌 | |
| 330 | @a《实变函数论与泛函分析》第二版是在编者经过两次教学实践的基础上,结合一些兄弟院校使用初版教学提出的意见进行的,主要内容包括:集和直线上的点集;测度;可测函数与积分。 | |
| 333 | @a理科数学专业,计算机数学专业学生和研究生等 | |
| 461 | 0 | @12001 @a现代数学基础@v16 |
| 606 | 0 | @a实变函数 |
| 606 | 0 | @a泛函分析 |
| 690 | @aO174.1@v5 | |
| 690 | @aO177@v5 | |
| 701 | 0 | @a夏道行@9xia dao hang@4编著 |
| 801 | 0 | @aCN@b人天书店@c20160428 |
| 905 | @b989265-68@dO174.1@e218:1=2@f4 | |
| 实变函数与泛函分析.上册/夏道行[等]编著.-2版,修订本.-北京:高等教育出版社,2010.01(2016.03重印) |
| 311页:图;24cm.-(现代数学基础;16) |
| 使用对象:理科数学专业,计算机数学专业学生和研究生等 |
| ISBN 978-7-04-027431-8:CNY46.00 |
| 《实变函数论与泛函分析》第二版是在编者经过两次教学实践的基础上,结合一些兄弟院校使用初版教学提出的意见进行的,主要内容包括:集和直线上的点集;测度;可测函数与积分。 |
| ● |
| 相关链接 |
|
|
|
|
正题名:实变函数与泛函分析
索取号:O174.1/218:1=2
 
预约/预借
| 序号 | 登录号 | 条形码 | 馆藏地/架位号 | 状态 | 备注 |
| 1 | 989265 | 209892650 | 第二样本阅览室/ [索取号:O174.1/218:1=2] | 在馆 | |
| 2 | 989266 | 209892669 | 第三借阅区/ [索取号:O174.1/218:1=2] | 在馆 | |
| 3 | 989267 | 209892678 | 第三借阅区/ [索取号:O174.1/218:1=2] | 在馆 | |
| 4 | 989268 | 209892687 | 数信系资料室/ [索取号:O174.1/218:1=2] | 在馆 |